01657nam a2200241 a 4500001001500000003000400015005001700019008004100036020002700077020003000104040000600134082002500140245010700165260005000272300002100322520080200343700002001145700002401165856008201189942001201271999001701283952011501300ASIN1849040583OSt20170105102904.0131021s2010 xxu eng d a1849040583 (paperback) a9781849040587 (paperback) a0 a363.230956bPOL 201010aPolicing and prisons in the middle east :bformations of coercion /cLaleh Khalili, Jillian Schwedler. a[S.l.] :bC Hurst & Co Publishers Ltd,c2010. a352 p. ;c22 cm. aThe emergence of the modern Middle East has been accompanied by a concentration of coercive power in the state. Although the region has encompassed numerous Mukhabarat (secret police) states, extensive policing and carceral regimes, and widespread use of torture and spectacular punishments, and although its prisons and policing practices are regularly condemned by human rights organisations, surprisingly few analyses explore the emergence of these grim institutions. This volume is the first to examine systematically practices of policing and incarceration in the modern Middle East, the emergence of modern policing and prisons and their continued predominance. It offers a useful lens through which the complexity of state power and the contours of popular contentious politics can be read.1 aKhalili, Laleh.1 aSchwedler, Jillian.403Amazon.comuhttp://www.amazon.com/exec/obidos/ASIN/1849040583/chopaconline-20 2ddccBK c14769d14769 001040708NFICaCIPSbCIPScGENd2013-09-10l0o363.230956 POL 2010pCIPS0000938r2013-10-21w2013-10-21yBK